LEADER 01187nam a2200229 4500 001 000000354161 003 CaOOAMICUS 005 20230612101145.0 008 230612s1953 it 000 u ita r 040 $aSeMil$bita 100 1 $aGremigni, Gilla Vincenzo.$0(OLS)http://semarc/name/72007 245 10$aPier Lombardo nell'8. Centenario dei Quattro libri delle sentenze /$c[Gilla Vincenzo vescovo di Novara]. 264 1$a[Novara] :$bEdizione del Comitato per le celebrazioni in onore di Pier Lombardo,$c1953. 300 $a34p., IX c. di tav. ;$c17 cm 500 $aNome dell'A. pag. 34 650 4$aPietro : Lombardo . Libri sententiarum.$0(OLS)http://semarc/subject/9320 850 $aSeMil 852 $aSeMil$W1$xVenegono$y1$m5A IV 6/4$j241323$B245402$CSeMilBibl$Z2$F245402 $81 961 $aCon dedica autografa dell'autore al Card. Arcivescovo di Milano [Alfredo Ildefonso Schuster] 996 $6245$aPier Lombardo nell'8. Centenario dei Quattro libri delle sentenze$9(OLS)http://semarc/title/444297 996 $6264$a[Novara] :$bEdizione del Comitato per le celebrazioni in onore di Pier Lombardo$9(OLS)http://semarc/publisher/61028 LEADER 01062nam a2200217 i 4500 001 000000018958 003 CaOOAMICUS 005 20180830125444.0 008 180830s1894 it u000 u ita u 040 $aSeMil$bita 245 10$aPhilosophiae christianae cum antiqua et nova comparatae Caietani Can. Sanseverino compendium /$copera et studio Nuntii can. Signoriello. 250 $aEd. 9. ab auctore recognita. 260 $aNeapoli :$bApud Officinam Bibliothecae Catholicae Scriptorum,$c1894. 300 $a2 v. ;$c18 cm. 650 4$aFilosofia cristiana.$0(OLS)http://semarc/subject/280 700 1 $aSignoriello, Nunzio <1831-1889>.$0(OLS)http://semarc/name/8489 700 1 $aSanseverino, Gaetano <1811-1865>.$0(OLS)http://semarc/name/5433 774 0 $tVol. 1.$g1$w()69303 774 0 $tVol. 2.$g2$w()223183 996 $6245$aPhilosophiae christianae cum antiqua et nova comparatae Caietani Can. Sanseverino compendium$9(OLS)http://semarc/title/24941 996 $6260$aNeapoli :$bApud Officinam Bibliothecae Catholicae Scriptorum$9(OLS)http://semarc/publisher/34973